Z czym najchętniej jadamy kanapki? - Statystyki

Ogólne statystyki
  • Ten quiz został rozwiązany 27 razy
  • Średni wynik to 6 z 8
Statystyki odpowiedzi
Hint Odpowiedź % Poprawnych
6. pomidor
100%
2. ser
100%
3. szynka
100%
8. ogórek
96%
5. masło
84%
7. sałata
72%
4. pasztet
52%
1. szynka i ser
0%
Nie znaleziono quizów pasujących do podanych kryteriów
Rozkład punktacji
Procent ludzi z każdym wynikiem
Percentyl według liczby udzielonych odpowiedzi
Twoja historia wyników
Nie rozwiązałeś tego quizu